Countries by Food - Statistics

General Stats
  • This quiz has been taken 102 times
  • The average score is 9 of 16
Answer Stats
Picture Answer % Correct
Italy
94%
Japan
94%
France
92%
USA
92%
Mexico
90%
China
74%
Spain
66%
Belgium
65%
India
62%
Canada
58%
Russia
51%
Thailand
44%
Ethiopia
23%
Cuba
21%
Kazakhstan
6%
Senegal
6%
No matching quizzes found
Score Distribution
Percent of People with Each Score
Percentile by Number Answered
Your Score History
You have not taken this quiz